000 00805cam a2200253 i 4500
008
050 0 0 _aNA642
_bHIT
100 1 _aHitchcock, Henry Russell.
245 1 0 _aArchitecture, nineteenth and twentieth centuries /
_cHenry-Russell Hitchcock.
250 _a4th ed.
260 _aHarmondsworth, Eng. ;
_aNew York :
_bPenguin Books,
_c1958.
300 _a498 p. ;
_bill. ;
_c21 cm.
440 1 _a The Pelican history of art ;
_vPZ15
504 _aIncludes bibliographical references.
500 _aIncludes index.
650 0 _aArchitecture, Modern
_y19th century.
650 0 _aArchitecture, Modern
_y20th century.
907 _a.b10189774
_b28-08-12
_c02-02-06
003
005 20230120131028.0
040 _cNUST
049 _aMAIN
942 _cBOOKS
999 _c95573
_d95573